Statistics for Management and Economics (Record no. 4952)

MARC details
005 - DATE AND TIME OF LATEST TRANSACTION
control field 20250625081601.0
020 ## - INTERNATIONAL STANDARD BOOK NUMBER
International Standard Book Number 0-534-37147-7
082 ## - DEWEY DECIMAL CLASSIFICATION NUMBER
Classification number 658.4 KEL
100 ## - MAIN ENTRY--PERSONAL NAME
Author name KELLER, G.
245 ## - TITLE STATEMENT
Title Statistics for Management and Economics
260 ## - PUBLICATION, DISTRIBUTION, ETC.
Place of publication, distribution, etc. New York,
Name of publisher, distributor, etc. Thomson,
Date of publication, distribution, etc. 2000
300 ## - PHYSICAL DESCRIPTION
Extent 397p.; ill.; figure, table
Dimensions 23cm
700 ## - ADDED ENTRY--PERSONAL NAME
Other authors/Editors WARRACK, B.
942 ## - ADDED ENTRY ELEMENTS (KOHA)
Source of classification or shelving scheme Dewey Decimal Classification
Koha item type Books
Holdings
Date last seen Total checkouts Full call number Barcode Cost, replacement price Price effective from Koha item type Lost status Source of classification or shelving scheme Damaged status Not for loan Withdrawn status Home library Current library Shelving location Date acquired Cost, normal purchase price
06/25/2025   6598.4 KEL DOM000953 150000.00 06/25/2025 Books   Dewey Decimal Classification       CBE Dodoma CBE Dodoma General Collection 03/24/2014 50000.00
06/25/2025   6598.4 KEL DOM0001012 150000.00 06/25/2025 Books   Dewey Decimal Classification       CBE Dodoma CBE Dodoma General Collection 03/24/2014 50000.00